Vista normal
Vista MARC
Entrada Topical Term
Número de registros utilizados en: 2
001 - CONTROL NUMBER
- control field: 37604
003 - CONTROL NUMBER IDENTIFIER
- control field: OSt
005 - DATE AND TIME OF LATEST TRANSACTION
- control field: 20210513115027.0
008 - FIXED-LENGTH DATA ELEMENTS
- fixed length control field: 210513|| aca||aabn | a|a d
040 ## - CATALOGING SOURCE
- Original cataloging agency: OSt
- Transcribing agency: OSt
150 ## - HEADING--TOPICAL TERM
- Topical term or geographic name entry element: Derecho administrativo
- Geographic subdivision: Estados Unidos
670 ## - SOURCE DATA FOUND
- Source citation: Work cat.: (OSt)7761: Doris, Lillian, 15379 editora, The american way in taxation : , ©1963